Estudio preliminar para la recuperación de solventes en la producción del insecticida de NIM
El Presente trabajo trata del proceso de producción de insecticidas a partir de la semilla de NIMEstá dirigido al estudio del secado de la semilla molida de Nim humedecida separadamente con los solventes hexano y etanol con el objetivo de obtener las curvas de secado y las isoternas de desorción...
| Main Author: | |
|---|---|
| Other Authors: | |
| Format: | Tesis Section = Libro |
| Language: | Undetermined Spanish |
| Published: |
Managua
UNI
1997
|
| Subjects: |
| LEADER | 01142nam a2200217Ia 4500 | ||
|---|---|---|---|
| 008 | 240830s9999 xx 000 0 und d | ||
| 040 | |a CEDOC DACA-RUSB / Mon 660.28426 C962 | ||
| 041 | |a spa | ||
| 082 | |a Mon 660.28426 C962 | ||
| 100 | 1 | |a Cubillo Aburto, Lissette | |
| 245 | 1 | 0 | |a Estudio preliminar para la recuperación de solventes en la producción del insecticida de NIM |
| 260 | |a Managua |b UNI |c 1997 | ||
| 300 | |a 76 p. :il | ||
| 500 | |a Contiene apéndice | ||
| 502 | |a Tesis (Ingeniero Químico) -UNI, 1997. | ||
| 520 | 3 | |a El Presente trabajo trata del proceso de producción de insecticidas a partir de la semilla de NIMEstá dirigido al estudio del secado de la semilla molida de Nim humedecida separadamente con los solventes hexano y etanol con el objetivo de obtener las curvas de secado y las isoternas de desorción para ambos solventes, cuando el sólido no contiene soluto. Además análizar la influencia del contenido de soluto en le sólido en la cinética del secado | |
| 650 | 7 | |a PROCEDIMIENTO DE EVAPORACION Y SECADO/ | |
| 700 | 1 | |a Tutor: |b Espinoza M, Rodolfo | |
| 942 | |c BK |2 ddc | ||
| 991 | |a TESIS | ||
| 999 | |c 26191 | ||